The new century dictionary of the English-language: (Record no. 2131)

000 -LEADER
fixed length control field 00996nam a2200205 a 4500
001 - CONTROL NUMBER
control field :::00019558$&:&@@
003 - CONTROL NUMBER IDENTIFIER
control field OkBaRHE
005 - DATE AND TIME OF LATEST TRANSACTION
control field 20100327152033.0
008 - FIXED-LENGTH DATA ELEMENTS--GENERAL INFORMATION
fixed length control field s1938 j 000 0 eng u
040 ## - CATALOGING SOURCE
Transcribing agency
245 14 - TITLE STATEMENT
Title The new century dictionary of the English-language:
Remainder of title based on matter selected from the original century dictionary and entirely rewritten.
Statement of responsibility, etc Edited by H. G. Emery and K. G. Brewster; revision editor, Catherine B. Avery. With supplements of synonyms and antonyms, foreign words and phrases, biographical names, geographical names, etc.
260 ## - PUBLICATION, DISTRIBUTION, ETC. (IMPRINT)
Place of publication, distribution, etc New York, NY., :
Name of publisher, distributor, etc Appleton-Century-Crofts
Date of publication, distribution, etc 1938
300 ## - PHYSICAL DESCRIPTION
Extent v. (1-2) : illus. (part col.) ;
Dimensions 28 cm.
650 ## - SUBJECT ADDED ENTRY--TOPICAL TERM
Topical term or geographic name as entry element English Language
General subdivision Dictionaries
700 ## - ADDED ENTRY--PERSONAL NAME
Personal name Brewster, Katherine G., Ed.
700 ## - ADDED ENTRY--PERSONAL NAME
Personal name Emery, Hulbert G., Ed.
730 ## - ADDED ENTRY--UNIFORM TITLE
Uniform title Century dictionary (Abridged ed.)
942 ## - ADDED ENTRY ELEMENTS (KOHA)
Source of classification or shelving scheme
Koha item type Books
Copies
Date acquired Permanent Location Barcode Koha item type Source of classification or shelving scheme Collection code Shelving location Damaged status Date last seen Lost status Full call number Copy number Withdrawn status Price effective from Not for loan
2010-04-14RHEMA Bible Training College19558Books ReferenceGeneral Stacks 2010-04-14 PE 1625 .C4 V.1 1 2010-04-14